000 00654nam a2200193Ia 4500
003 GCL
008 140319s9999 xx 000 0 ara d
040 _aGCL /
_cGCL
082 0 4 _a813.03
_bا ى
100 1 _aادوار الخراط
245 1 0 _aيا بنات اسكندرية: رواية /
_cادوار الخراط
260 _a[S.N] :
_bدار الياس العصرية للطباعه والنشر ،
_c1991
300 _a191 ص
490 _a
650 0 4 _aالادب العربى - العصر الحديث
650 0 4 _aالرواية العربية
650 0 4 _aالرواية العربية - العصر الحديث
942 _2ddc
_cBK
999 _c53461
_d53461